Europa - Geografie - Quiz - Statistiken

Allgemein
  • Dieses Quiz wurde 193 mal gespielt
  • Das Durchschnittsergebnis liegt bei 11 aus 15
Antwortstatistiken
Frage Antwort % Korrekt
Wie heißt die Hauptstadt von Griechenland? Athen
94%
Wie heißt die Hauptstadt von Island? Reykjavik
94%
Geschichte: Wie heißt der ehemalige Staat in Südosteuropa, zu dem z.B. Kroatien, Serbien, Bosnien & Herzegowina sowie Montenegro gehörten? Jugoslawien
93%
Eine Schweizer Stadt, die sich auf "Senf" reimt und am gleichnamigen See liegt: Genf
91%
Sofia ist die Hauptstadt von... Bulgarien
88%
Welches Land befindet sich nicht auf der Iberischen Halbinsel? Frankreich
87%
Barcelona ist die Hauptstadt... Kataloniens
87%
Welcher der Staaten ist ein souveräner Staat? (Von der Mehrheit der UN anerkannt) Liechtenstein
87%
Diese Region liegt nicht in Österreich: Lombardei
87%
Wie heißt das Mittelgebirge, dass sich im Süden vom Bundesland Sachsen befindet? Erzgebirge
77%
Welche Meerenge bildet die Grenze zwischen Europa und Asien? Bosporus
75%
Die viertgrößte Stadt der Niederlande ist... Utrecht
52%
Wie heißt die zweitbevölkerungsreichste Stadt Englands nach London? Birmingham
51%
Neben Deutschland gehören auch z.B. folgende Länder zu den Alpen: Österreich, Schweiz, Slowenien, Frankreich und Monaco
43%
Welche Nation oder welcher Teil eines Landes gehört nicht zu den keltischen Nationen? Faröer (Dänemark)
33%
Keine übereinstimmenden Quizze gefunden
Verteilung der Resultate
Anzahl Personen mit jedem Resultat
Perzentil nach korrekt beantworteten Fragen
Ihre Resultats-Entwicklung
Sie haben dieses Quiz noch nicht gespielt